中华文明传真. 10 (Record no. 67004)

000 -LEADER
fixed length control field 00660nam a22002057a 4500
003 - CONTROL NUMBER IDENTIFIER
control field MPLRDC
005 - DATE AND TIME OF LATEST TRANSACTION
control field 20220104201110.0
008 - FIXED-LENGTH DATA ELEMENTS--GENERAL INFORMATION
fixed length control field 210129b ||||| |||| 00| 0 eng d
020 ## - INTERNATIONAL STANDARD BOOK NUMBER
International Standard Book Number 978-7-5326-0849-2
082 ## - DEWEY DECIMAL CLASSIFICATION NUMBER
Classification number 630.8 ZHWM-2 v.10
100 ## - MAIN ENTRY--PERSONAL NAME
Personal name 陈万雄, 张倩仪
245 ## - TITLE STATEMENT
Title 中华文明传真. 10
Statement of responsibility, etc. 刘炜 主编
250 ## - EDITION STATEMENT
Edition statement 初版一刷
260 ## - PUBLICATION, DISTRIBUTION, ETC.
Place of publication, distribution, etc. 中国
Name of publisher, distributor, etc. 上海辞书出版社; 商务印书馆(香港)有限公司
Date of publication, distribution, etc. 2001
300 ## - PHYSICAL DESCRIPTION
Other physical details
490 ## - SERIES STATEMENT
Series statement 中华文明传真: 10
520 ## - SUMMARY, ETC.
Summary, etc. 上架 2017-09-02。<br/>2017-11-21 弄湿--pg.114-封面底(6255)。
650 ## - SUBJECT ADDED ENTRY--TOPICAL TERM
Topical term or geographic name entry element 中国文化史--丛书
942 ## - ADDED ENTRY ELEMENTS (KOHA)
Koha item type Book
-- 630.8 ZHWM-2 v.10
Holdings
Withdrawn status Lost status Source of classification or shelving scheme Damaged status Not for loan Collection code Home library Current library Shelving location Date acquired Cost, normal purchase price Total Checkouts Full call number Barcode Date last seen Date last checked out Price effective from Koha item type Public note
            Malaysian Public Library, Research and Development Centre Malaysian Public Library, Research and Development Centre   16/02/2017 60.00   630.8 ZHWM-2 v.10 00060642 18/03/2021 03/03/2018 18/03/2021 Book mplrdc

© 2022. Malaysian Public Library, Research and Development Centre. All Right ReservedE-mailmplrdc@help.edu.my 

Powered by Koha